| 000 | 00629nam a2200217 a 4500 | ||
|---|---|---|---|
| 001 | 17573 | ||
| 005 | 20230823095100.0 | ||
| 008 | 60503s2009 enka 001 0 eng | ||
| 020 | _a9781405139533 (pbk. : alk. paper) | ||
| 020 | _a1405139536 (pbk. : alk. paper) | ||
| 040 |
_aBD-DhIUB _cBD-DhIUB |
||
| 082 | 0 | 0 |
_a391.00688 _222 |
| 245 | 0 | 0 |
_aFashion marketing / _cedited by Mike Easey. |
| 250 | _a3rd ed. | ||
| 260 |
_aOxford ; _aAmes, Iowa : _bWiley-Blackwell, _c2009. |
||
| 300 |
_axvi, 260 p. : _bill. ; _c25 cm. |
||
| 500 | _aIncludes index. | ||
| 650 | 0 | _aFashion merchandising. | |
| 700 | 1 | _aEasey, Mike. | |
| 999 |
_c17576 _d17576 |
||
| 526 | _bmkt | ||